Introduction to fluorescence spectroscopy (Record no. 478517)

000 -LEADER
fixed length control field 01497pam a2200349 a 4500
001 - CONTROL NUMBER
control field 1199425
003 - CONTROL NUMBER IDENTIFIER
control field NUST
005 - DATE AND TIME OF LATEST TRANSACTION
control field 20180601072320.0
008 - FIXED-LENGTH DATA ELEMENTS--GENERAL INFORMATION
fixed length control field 980722s1999 nyua b 001 0 eng
010 ## - LIBRARY OF CONGRESS CONTROL NUMBER
LC control number 98035325
020 ## - INTERNATIONAL STANDARD BOOK NUMBER
International Standard Book Number 0471110981 (cloth : alk. paper)
038 ## - RECORD CONTENT LICENSOR
Staff Name SNS Library
040 ## - CATALOGING SOURCE
Original cataloging agency DLC
Transcribing agency DLC
Modifying agency DLC
050 00 - LIBRARY OF CONGRESS CALL NUMBER
Classification number QD96.F56
Item number S48 1999
082 00 - DEWEY DECIMAL CLASSIFICATION NUMBER
Classification number 543.08584
Edition number 21
100 1# - MAIN ENTRY--PERSONAL NAME
Personal name Sharma, Ashutosh.
9 (RLIN) 10744
245 10 - TITLE STATEMENT
Title Introduction to fluorescence spectroscopy
Statement of responsibility, etc. Ashutosh Sharma and Stephen G. Schulman.
246 30 - VARYING FORM OF TITLE
Title proper/short title Fluorescence spectroscopy
260 ## - PUBLICATION, DISTRIBUTION, ETC.
Place of publication, distribution, etc. New York :
Name of publisher, distributor, etc. Wiley,
Date of publication, distribution, etc. c1999.
300 ## - PHYSICAL DESCRIPTION
Extent xiv, 173 p. :
Other physical details ill. ;
Dimensions 24 cm.
440 #0 - SERIES STATEMENT/ADDED ENTRY--TITLE
Title Techniques in analytical chemistry series
9 (RLIN) 10745
500 ## - GENERAL NOTE
General note "A Wiley-Interscience publication."
504 ## - BIBLIOGRAPHY, ETC. NOTE
Bibliography, etc. note Includes bibliographical references and index.
650 #0 - SUBJECT ADDED ENTRY--TOPICAL TERM
Topical term or geographic name entry element Fluorescence spectrometry.
9 (RLIN) 10746
700 1# - ADDED ENTRY--PERSONAL NAME
Personal name Schulman, Stephen G.
Fuller form of name (Stephen Gregory),
Dates associated with a name 1940-
9 (RLIN) 10747
856 42 - ELECTRONIC LOCATION AND ACCESS
Materials specified Contributor biographical information
Uniform Resource Identifier <a href="http://www.loc.gov/catdir/bios/wiley041/98035325.html">http://www.loc.gov/catdir/bios/wiley041/98035325.html</a>
856 42 - ELECTRONIC LOCATION AND ACCESS
Materials specified Publisher description
Uniform Resource Identifier <a href="http://www.loc.gov/catdir/description/wiley032/98035325.html">http://www.loc.gov/catdir/description/wiley032/98035325.html</a>
856 4# - ELECTRONIC LOCATION AND ACCESS
Materials specified Table of Contents
Uniform Resource Identifier <a href="http://www.loc.gov/catdir/toc/onix03/98035325.html">http://www.loc.gov/catdir/toc/onix03/98035325.html</a>
906 ## - LOCAL DATA ELEMENT F, LDF (RLIN)
a 7
b cbu
c orignew
d 1
e ocip
f 19
g y-gencatlg
942 ## - ADDED ENTRY ELEMENTS (KOHA)
Source of classification or shelving scheme
Koha item type Book
Holdings
Withdrawn status Lost status Source of classification or shelving scheme Damaged status Not for loan Permanent Location Current Location Date acquired Total Checkouts Full call number Barcode Date last seen Price effective from Koha item type
          School of Natural Sciences (SNS) School of Natural Sciences (SNS) 06/01/2018   543.08584 SNS0002311 06/01/2018 06/01/2018 Book
© 2023 Central Library, National University of Sciences and Technology. All Rights Reserved.